000
00301nam a2200121Ia 4500
008
191201s2009 xx 000 0 und d
100
_a
SAXENA, Sanjay
245
0
_a
Computer Applications in Management
260
_a
N. Delhi
_b
Vikas Pub
_c
2009
300
_a
537
650
_a
B.Tech(CSE)
942
_2
ddc
_c
BK
999
_c
331
_d
331